| 000 | 01130nam0a22003011 4500 | ||
|---|---|---|---|
| 001 | rc\469385 | ||
| 005 | 20030616172321.8 | ||
| 010 |
_a5-03-000191-3 _95000 |
||
| 035 | _a(NLR Aleph) 005713302 | ||
| 090 |
_a7401050 _c7401050 |
||
| 100 | _a20030616d1988 u |0rusy50 ca | ||
| 101 | 0 | _arus | |
| 102 | _aRU | ||
| 105 | _aa ||||||||| | ||
| 200 | 1 |
_aИммуноферментный анализ _f[Т.Т. Нго, Г.М. Ленхофф, А. Яклич и др.] _gПод ред. Т.Т. Нго, Г. Ленхоффа _gПер. с англ. С.В. Калугера, А.Л. Остермана _gПод ред. А.М. Егорова |
|
| 210 |
_aМ. _cМир _d1988 |
||
| 215 |
_a444 с. _cил. _d22 |
||
| 300 | _aАвт. указаны в огл. | ||
| 320 | _aБиблиогр. в конце глав | ||
| 320 | _aПредм. указ.: с. 428-435 | ||
| 320 | _aПеревод изд.: Enzyme-mediated immunoassay (New York; London) | ||
| 701 | 0 | _aТет Тьен Нго | |
| 702 | 1 |
_aЕгоров _bА. М. _4340 |
|
| 801 | 0 |
_aRU _bNLR _gpsbo |
|
| 801 | 1 |
_aRU _bELAR _2rusmarc |
|
| 852 |
_aNLR _j88-5/3123 |
||
| 942 | _cBOOK | ||
| 980 | _aNB | ||